| 000 | 00433nam a2200181Ia 4500 | ||
|---|---|---|---|
| 001 | 20139 | ||
| 005 | 20260306172744.0 | ||
| 008 | 260306t2004||||xx |||||||||||||| ||spa|| | ||
| 041 | _aESP | ||
| 082 |
_a342.53 _bN12 |
||
| 100 |
_aNaciones Unidas _eAUT |
||
| 245 | 0 | _aConvención de las Naciones Unidas sobre el derecho del mar | |
| 260 | _c2004 | ||
| 300 |
_a _c |
||
| 650 | _aGEN | ||
| 654 | _aCDE | ||
| 942 |
_cLIB _dJUS _fJUS _2ddc _n |
||
| 999 |
_c20139 _d20139 |
||